Peterson's master: the GMAT 2014. -- 20th ed. (Record no. 413)

MARC details
000 -LEADER
fixed length control field 00838nam a2200217 a 4500
008 - FIXED-LENGTH DATA ELEMENTS--GENERAL INFORMATION
fixed length control field 150318s2013 ||||||||||||||||| || u
050 ## - LIBRARY OF CONGRESS CALL NUMBER
Classification number 650.076 PET
100 ## - MAIN ENTRY--PERSONAL NAME
Personal name Webster, Bernadette
245 10 - TITLE STATEMENT
Title Peterson's master: the GMAT 2014. -- 20th ed.
Statement of responsibility, etc. edited by Bernadette Webster
250 ## - EDITION STATEMENT
Edition statement 20th ed.
260 ## - PUBLICATION, DISTRIBUTION, ETC.
Place of publication, distribution, etc. Albany, New York:
Name of publisher, distributor, etc. Peterson's Publishing
Date of publication, distribution, etc. 2013
300 ## - PHYSICAL DESCRIPTION
Extent xvi, 797p.: ill.
500 ## - GENERAL NOTE
General note Bibliography
650 ## - SUBJECT ADDED ENTRY--TOPICAL TERM
Topical term or geographic name entry element MANAGEMENT--STUDY AND TEACHING (GRADUATE)
650 ## - SUBJECT ADDED ENTRY--TOPICAL TERM
Topical term or geographic name entry element GRADUATE MANAGEMENT ADMISSION TEST
650 ## - SUBJECT ADDED ENTRY--TOPICAL TERM
Topical term or geographic name entry element MANAGEMENT ACCOUNTING
650 ## - SUBJECT ADDED ENTRY--TOPICAL TERM
Topical term or geographic name entry element UNITED STATES
650 #0 - SUBJECT ADDED ENTRY--TOPICAL TERM
Topical term or geographic name entry element MANAGEMENT
650 ## - SUBJECT ADDED ENTRY--TOPICAL TERM
Topical term or geographic name entry element UNIVERSITIES AND COLLEGES--GRADUATE WORK--EXAMINATIONS
995 ## -
-- AMERICAN CORNER
-- 0106507
-- CBU-DAG HAMMARSKJOLD INSTITUTE LIBRARY
-- 650.076 PET
-- 1
-- AVAILABLE
-- Mar 18, 2015
-- 0106507
-- American Collection
999 ## -
-- 413
-- 413
Holdings
Withdrawn status Lost status Source of classification or shelving scheme Damaged status Not for loan Permanent Location Current Location Shelving location Date acquired Total Checkouts Full call number Barcode Date last seen Price effective from Koha item type
          CBU-DAG HAMMARSKJOLD INSTITUTE CBU-DAG HAMMARSKJOLD INSTITUTE   11/28/2022   650.076 PET 0106507 11/28/2022 11/28/2022 MONOGRAPH